| 000 | 00541nam a22001457a 4500 | ||
|---|---|---|---|
| 008 | 230221b |||||||| |||| 00| 0 eng d | ||
| 040 |
_aNational Science Library _cNational Science Library |
||
| 080 |
_a624(082.2) _bN3 |
||
| 245 |
_aStrend-93: _c/ Proceedings of symposium on structural engineering and national development held at The Indian Institute of Technology, Kanpur |
||
| 260 |
_aKanpur: _bIndian Institute of Technology, _c1993 |
||
| 300 | _a439p. | ||
| 650 | _aScience | ||
| 700 | _aAshwani, Kumar (Ed.) | ||
| 942 |
_2udc _cPR |
||
| 999 |
_c46973 _d46973 |
||